Khảo sát thành phần hóa học và hoạt tính sinh học của loài địa y Parmotrema Tinctorum (NYL.) Hale : Luận văn tốt nghiệp Cao học. Chuyên ngành Hóa hữu cơ

Đề tài tách chiết, phân lập các hợp chất tinh khiết từ cao acetone, xác định cấu trúc hóa học của các hợp chất phân lập được, đánh giá tính kháng nấm và kháng khuẩn ở mức độ in vitro của cao chiết và hợp chất phân lập được....

全面介紹

Đã lưu trong:
書目詳細資料
主要作者: Trần, Minh Chí
格式: 圖書
語言:Undetermined
出版: Cần Thơ Trường Đại học Cần Thơ 2016
主題:
標簽: 添加標簽
沒有標簽, 成為第一個標記此記錄!
Thư viện lưu trữ: Trung tâm Học liệu Trường Đại học Cần Thơ
LEADER 01234nam a2200217Ia 4500
001 CTU_221229
008 210402s9999 xx 000 0 und d
082 |a 661.806 
082 |b Ch300 
088 |a 60440114 
100 |a Trần, Minh Chí 
245 0 |a Khảo sát thành phần hóa học và hoạt tính sinh học của loài địa y Parmotrema Tinctorum (NYL.) Hale : 
245 0 |b Luận văn tốt nghiệp Cao học. Chuyên ngành Hóa hữu cơ 
245 0 |c Trần Minh Chí ; Nguyễn Trọng Tuân, Nguyễn Thị Thu Trâm (Cán bộ hướng dẫn) 
260 |a Cần Thơ 
260 |b Trường Đại học Cần Thơ 
260 |c 2016 
520 |a Đề tài tách chiết, phân lập các hợp chất tinh khiết từ cao acetone, xác định cấu trúc hóa học của các hợp chất phân lập được, đánh giá tính kháng nấm và kháng khuẩn ở mức độ in vitro của cao chiết và hợp chất phân lập được. 
650 |a Chemical industry,Công nghệ hóa học 
904 |i Hải 
980 |a Trung tâm Học liệu Trường Đại học Cần Thơ